Top 5 Songs On Encore (Eminem) - Statistics

General Stats
  • This quiz has been taken 42 times
  • The average score is 4 of 5
Answer Stats
Hint Answer % Correct
959,911,339 Mockingbird
100%
208,744,975 Just Lose It
82%
274,490,038 Like Toy Soldiers
76%
171,200,725 Ass Like That
74%
79,646,947 Never Enough
56%
No matching quizzes found
Score Distribution
Percent of People with Each Score
Percentile by Number Answered
Your Score History
You have not taken this quiz